00379nam a2200157 a 45000010005000000030009000050080041000140400028000550820017000831000017001002450017001172600028001343000010001624900030001726500019002024056CO-ViMGA141112s2004 ck r 000 u spa d aCO-ViMGAbspacCO-ViMGA04a891.86 K134m1 aKafka, Franz10aMeditaciones aMadrid : bM.E., c1995 a171 p aClásicos de siempre, 3014aCUENTOS CHECOS